معاملات البنوك الإسلامية في مصر والأردن والكويت الاختلاف والاتفاق : (رقم التسجيلة. 177498)

تفاصيل مارك
000 -LEADER
fixed length control field 03379namaa22004211i 4500
003 - CONTROL NUMBER IDENTIFIER
control field OSt
005 - أخر تعامل مع التسجيلة
control field 20260217140613.0
008 - FIXED-LENGTH DATA ELEMENTS--GENERAL INFORMATION
fixed length control field 250827s2024 ua a|||frm||| 000 0 eng d
040 ## - CATALOGING SOURCE
Original cataloguing agency EG-GICUC
Language of cataloging ara
Transcribing agency EG-GICUC
Modifying agency EG-GICUC
Description conventions rda
041 0# - LANGUAGE CODE
Language code of text/sound track or separate title ara
Language code of summary or abstract ara
-- eng
049 ## - Acquisition Source
Acquisition Source إيداع
082 04 - DEWEY DECIMAL CLASSIFICATION NUMBER
Classification number 330.121
092 ## - LOCALLY ASSIGNED DEWEY CALL NUMBER (OCLC)
Classification number 330.121
Edition number 21
097 ## - Degree
Degree دكتـــــوراه‎
099 ## - LOCAL FREE-TEXT CALL NUMBER (OCLC)
Local Call Number Cai01.06.04.Ph.D.2024.خا.م
100 0# - MAIN ENTRY--PERSONAL NAME
Authority record control number or standard number ،خالد الأسود النغيص كميخ العازمي
Preparation إعداد.
245 10 - TITLE STATEMENT
Title معاملات البنوك الإسلامية في مصر والأردن والكويت الاختلاف والاتفاق :
Remainder of title دراسة فقهية مقارنة /
Statement of responsibility, etc. إعداد خالد الأسود النغيص كميخ العازمي؛ إشراف أ.د/ علي عبد القادر عثمان رمضان.
246 15 - VARYING FORM OF TITLE
Title proper/short title Transactions of islamic banks in egypt, jordan and kuwait difference and agreement :
Remainder of title A comparative jurisprudential study /
264 #0 - PRODUCTION, PUBLICATION, DISTRIBUTION, MANUFACTURE, AND COPYRIGHT NOTICE
Date of production, publication, distribution, manufacture, or copyright notice 2024.
300 ## - PHYSICAL DESCRIPTION
Extent 308 صفحة :
Other physical details إيضاحيات ؛
Dimensions 30 سم. +
Accompanying material CD.
336 ## - CONTENT TYPE
Content type term text
Source rda content
337 ## - MEDIA TYPE
Media type term Unmediated
Source rdamedia
338 ## - CARRIER TYPE
Carrier type term volume
Source rdacarrier
502 ## - DISSERTATION NOTE
Dissertation note أطروحة (دكتوراه)-جامعة القاهرة، 2024.
504 ## - BIBLIOGRAPHY, ETC. NOTE
Bibliography, etc. note ببليوجرافيا: صفحات 280-302.
520 ## - SUMMARY, ETC.
Summary, etc. هذه دراسة يبين فيها الباحث الأحكام الفقهية لمعاملات البنوك الإسلامية، ثم يخص بالذكر أحكام معاملات البنوك الإسلامية في مصر والأردن والكويت، ويبين ما بينها من اتفاق واختلاف. وقد تبين للباحث أنها متفقة على معظم المعاملات المالية و تختلف فيما بينها في بعض المعاملات قد أوضحها الباحث. وقد اتبع الباحث في هذه الدراسة المنهج الاستقرائي، والتحليلي، والاستنباطي .
520 ## - SUMMARY, ETC.
Summary, etc. This is a study in which the researcher explains the jurisprudential provisions for Islamic bank transactions, then mentions the provisions for Islamic bank transactions in Egypt, Jordan, and Kuwait, and shows the agreement and disagreement between them. It became clear to the researcher that they agree on most financial transactions, but they differ among themselves in some transactions, which the researcher explained. In this study, the researcher followed the inductive, analytical, and deductive approaches.
530 ## - ADDITIONAL PHYSICAL FORM AVAILABLE NOTE
Issues CD صدر أيضًا كقرص مدمج.
546 ## - LANGUAGE NOTE
Text Language النص بالعربية والملخص باللغة الإنجليزية والعربية.
650 #7 - SUBJECT ADDED ENTRY--TOPICAL TERM
Topical term or geographic name entry element البنوك الاسلامية
Source of heading or term qrmak
650 #7 - SUBJECT ADDED ENTRY--TOPICAL TERM
Topical term or geographic name entry element الاقتصاد الاسلامى
653 #0 - INDEX TERM--UNCONTROLLED
Uncontrolled term معاملات البنوك الإسلامية
-- المرابحة للآمر بالشراء
-- الإجارة المنتهية بالتمليك
700 0# - ADDED ENTRY--PERSONAL NAME
Personal name علي عبد القادر عثمان رمضان
Relator term مشرف أطروحة.
900 ## - Thesis Information
Grant date 01-01-2024
Supervisory body علي عبد القادر عثمان رمضان
Discussion body حسين عبد الغني سمرة
-- صلاح الدِّين فهمي محمود
Universities جامعة القاهرة
Faculties كلية دار العلوم
Department قسم الشريعة الإسلامية
905 ## - Cataloger and Reviser Names
Cataloger Name Sara Salah
Reviser Names Afaf
942 ## - ADDED ENTRY ELEMENTS (KOHA)
Source of classification or shelving scheme Dewey Decimal Classification
Koha item type Thesis
Edition 21
Suppress in OPAC No
المقتنيات
Source of classification or shelving scheme Home library Current library Date acquired Inventory number Full call number Barcode Date last seen Effective from Koha item type
Dewey Decimal Classification المكتبة المركزبة الجديدة - جامعة القاهرة قاعة الرسائل الجامعية - الدور الاول 08.01.2026 32857 Cai01.06.04.Ph.D.2024.خا.م 01010100032857000 08.01.2026 08.01.2026 Thesis
Cairo University Libraries Portal Implemented & Customized by: Eng. M. Mohamady Contacts: new-lib@cl.cu.edu.eg | cnul@cl.cu.edu.eg
CUCL logo CNUL logo
© All rights reserved — Cairo University Libraries
CUCL logo
Implemented & Customized by: Eng. M. Mohamady Contact: new-lib@cl.cu.edu.eg © All rights reserved — New Central Library
CNUL logo
Implemented & Customized by: Eng. M. Mohamady Contact: cnul@cl.cu.edu.eg © All rights reserved — Cairo National University Library